• 首页
  • 本馆介绍
  • 公告通知
  • 最新文献
  • 馆藏检索
  • 电子资源
  • 读者导购
  • 参考咨询
  • 我的图书馆
  • 登录
  • 详细信息显示
  • 放入我的书架
  • 预约/预借图书
  • 作者相关作品
  • 分类相关作品
  • 丛书相关作品
  • 出版社相关作品

书目信息

  • 表格格式
  • 工作单格式
  • 卡片格式
题名:
让教育与心灵贴得紧紧的
    
 
作者: 胡爱花 主编
分册:  
出版信息: 上海   华东师范大学出版社  2017
页数: 173页
开本: 24cm
丛书名: 学校文化变革丛书
单 册:
中图分类: G522.74
科图分类:
主题词: 民办学校--学校管理--研究--中国
电子资源:
ISBN: 978-7-5675-6215-8
000 01071oam2 2200253 450
001 1580
005 20180522131320.90
010    @a978-7-5675-6215-8@dCNY24.00
100    @a20170619d2017 em y0chiy50 ea
101 0  @achi
102    @aCN@b310000
105    @ay z 000yy
200 1  @a让教育与心灵贴得紧紧的@9rang jiao yu yu xin ling tie de jin jin de@e“大拇指教育”36计@f胡爱花主编
210    @a上海@c华东师范大学出版社@d2017
215    @a173页@d24cm
225 2  @a学校文化变革丛书@f杨四耕丛书主编
330    @a在学校文化适应课程变革的过程中,怎样的教育能激发学生的创造力,怎样的教育能温暖学生的心灵,本书从学生发展的规律出发,确立了“每一个孩子都如此的了不起”的办学理念,把“大拇指教育”作为学校的教育哲学,并围绕这一理念,从课堂,教师发展,围绕这个文化价值核心打造学校独有的校园文化。
461  0 @12001 @a学校文化变革丛书
517 1  @a“大拇指教育”36计@9“da mu zhi jiao yu”36 ji
606 0  @a民办学校@x学校管理@x研究@y中国
690    @aG522.74@v5
701  0 @a胡爱花@9hu ai hua@4主编
801  0 @aCN@b91MARC@c20170619
905    @aMuseLib@dG522.74@e254
    
    让教育与心灵贴得紧紧的:“大拇指教育”36计/胡爱花主编.-上海:华东师范大学出版社,2017
    173页;24cm.-(学校文化变革丛书/杨四耕丛书主编)
    
    
    ISBN 978-7-5675-6215-8:CNY24.00
    在学校文化适应课程变革的过程中,怎样的教育能激发学生的创造力,怎样的教育能温暖学生的心灵,本书从学生发展的规律出发,确立了“每一个孩子都如此的了不起”的办学理念,把“大拇指教育”作为学校的教育哲学,并围绕这一理念,从课堂,教师发展,围绕这个文化价值核心打造学校独有的校园文化。
●
相关链接 在E读中查询图书 在五车中查询图书 在当当中查询图书 在豆瓣中查询图书


正题名:让教育与心灵贴得紧紧的     索取号:G522.74/254         预约/预借

序号 登录号 条形码 馆藏地/架位号 状态 备注
1 1105365   211053651   第一样本阅览室/ [索取号:G522.74/254] 在馆    
2 1105366   211053660   教育系资料室/ [索取号:G522.74/254] 在馆    
3 1105367   211053679   教育系资料室/ [索取号:G522.74/254] 在馆    
4 1105368   211053688   教育系资料室/ [索取号:G522.74/254] 在馆    
5 1105369   211053697   第四借阅区/ [索取号:G522.74/254] 在馆    
6 1105370   211053704   第四借阅区/ [索取号:G522.74/254] 在馆    
唐山师范学院图书馆 欢迎您!
大连网信软件有限公司© 版权所有